Which US State (A-M)… - Statistics

General Stats
  • This quiz has been taken 18 times
  • The average score is 21 of 25
Answer Stats
Hint Answer % Correct
…is larger than Texas, California, and Montana combined? Alaska
100%
…saw the Little Rock Nine become the first nine black students integrated into all-white schools in 1957? Arkansas
100%
…saw mass migration and a sprawling economy following the 1848 gold rush? California
100%
…is split into an upper peninsula and a lower peninsula? Michigan
100%
…contains the majority of the Navajo Nation? Arizona
94%
…was the first state to ratify the US Constitution in 1787? Delaware
94%
…produces the most oranges? Florida
94%
…produces the most peaches? Georgia
94%
…produces the most potatoes? Idaho
94%
…was the setting of the Wizard of Oz? Kansas
94%
…is Kansas City found in? Missouri
94%
…was the birthplace of Barack Obama? Hawaii
88%
…sees residents call themselves “hoosiers”? Indiana
88%
…is the birthplace of Abraham Lincoln? Kentucky
88%
…uses “parishes” instead of counties? Louisiana
88%
…is the setting of many of Stephen King’s works? Maine
88%
…is the home of the Orioles and the Ravens? Maryland
88%
…is home to the Mystic Seaport Museum and Yale University? Connecticut
82%
…is the birthplace of Forrest Gump? Alabama
76%
…became the first state to legalize recreational marijuana in 2012? Colorado
76%
…was the site of the Battles of Lexington and Concord, the two first battles in the American Revolution? Massachusetts
76%
…has a name meaning “sky-tinted waters” in the Dakota language? Minnesota
71%
…did the ferris wheel originate? Illinois
65%
…did blues music originate? Mississippi
59%
…is bordered by both the Mississippi and Missouri rivers? Iowa
35%
No matching quizzes found
Score Distribution
Percent of People with Each Score
Percentile by Number Answered
Your Score History
You have not taken this quiz